| 000 | 01786nam a2200361 i 4500 | ||
|---|---|---|---|
| 001 | 33635 | ||
| 003 | ES-MaACL | ||
| 005 | 20240224063057.0 | ||
| 007 | t| | ||
| 008 | 151209s2011 sp ||||1| spa d | ||
| 020 | _a978-84-8154-300-1 | ||
| 040 | _cES-MaACL | ||
| 080 | _a929 Alcalá Zamora, Niceto (060.64) | ||
| 080 | _a94(460)"1931/39"(060.64) | ||
| 245 | 0 | 4 |
_aPor la España republicana : _blos viajes de Niceto Alcalá-Zamora, presidente de la Segunda República : [exposición] / _cMª del Carmen Fernández Albéndiz, Leandro Álvarez Rey (coordinadores) ; [comisariado, Leandro Álvarez Rey, Mª del Carmen Fernández Albéndiz ; textos, Leandro Álvarez Rey ... et al.]. |
| 260 |
_a[Córdoba] : _bDiputación Provinal de Córdoba ; _a[Priego de Córdoba] : _bPatronato Municipal Niceto Alcalá-Zamora y Torres, _c2011. |
||
| 300 |
_a387 páginas : _bilustraciones ; _c28 cm. |
||
| 500 | _aAnexo documental | ||
| 504 | _aReferencias bibliográficas | ||
| 600 | 1 | 7 |
_aAlcalá Zamora, Niceto, 1877-1949- _xViajes- _zEspaña- _vExposiciones _9158327 |
| 600 | 1 | 4 |
_aAlcalá Zamora, Niceto, _919473 _d1877-1949 |
| 651 | 4 |
_aEspaña- _xHistoria- _y1931-1939, II República- _vExposiciones. _98288 |
|
| 655 | 7 |
_2tgfbne _9193628 _aCatálogos de exposiciones |
|
| 700 | 1 |
_aFernández Albéndiz, María del Carmen. _9158328 |
|
| 700 | 1 |
_aÁlvarez Rey, Leandro. _920931 |
|
| 710 | 1 |
_aCórdoba (Provincia). _bDiputación Provincial. _93299 |
|
| 710 | 2 |
_aPatronato Municipal Niceto Alcalá-Zamora y Torres. _9158329 |
|
| 852 |
_aES-MaACL _jA-13470 _bR.150834 _cDEPO1 _dOlim: N-6470 _hDonación: Real Academia Española _934879 |
||
| 914 |
_96336 _aReal Academia Española _ednr |
||
| 942 |
_cMONOGRAFIA _n0 |
||
| 999 |
_c33635 _d33635 |
||